[Event "Vasteras Open 2018"]
[Site "Vasteras"]
[Date "2018.09.28"]
[Round "2"]
[White "Evertsson, Rune"]
[Black "Ernst, Thomas"]
[Result "0-1"]
[WhiteElo "2037"]
[BlackElo "2333"]
[Annotator "TA"]
[PlyCount "84"]
[EventDate "2018.09.28"]
[EventCountry "SWE"]
[SourceTitle "playchess.com"]
[Source "ChessBase"]
[SourceQuality "1"]

{[%evp 16,84,-32,0,58,0,9,0,0,0,0,-134,-139,-245,-146,-165,-168,-150,-153,-161,-164,-156,-177,-205,-208,-174,-76,-73,-56,-79,-86,-114,-83,-85,-87,-154,-133,-121,-107,-125,-100,-117,-94,-106,-99,-92,-100,-101,-97,-91,-98,-205,-207,-331,-284,-2225,-191,-5310,-312,-29997,-908,-897,-897,-878,-868,-842,-827,-29977,-29978,-29977,-29978]} 1. e4 c5 2. c3 Nf6 3. e5 Nd5 4. d4 cxd4 5. cxd4 d6 6. Bc4 Nb6 7. Bb5+ Bd7 8. e6 fxe6 {B22: Sicilian: 2 c3} 9. Bd3 {LiveBook: 18 Games. White wants to mate with Qh5+.} Kf7 $146 (9... Qc8 $11) ({Predecessor:} 9... g6 10. h4 Nd5 11. h5 Qa5+ 12. Bd2 Qb6 13. Ne2 g5 14. Nbc3 Nc6 15. h6 Ncb4 16. Bxg5 {½-½ (130) Antonio,R (2478)-Gupta,A (2633) Olongapo City 2015}) 10. Nh3 {[%mdl 1024] White has compensation.} (10. Nf3 {is more complex.} Kg8 11. Nc3 Nc6 12. O-O g6 13. Re1) 10... Kg8 {The position is equal.} 11. O-O Nc6 12. Bc2 g6 13. f4 (13. Ng5 $11 {remains equal.}) 13... Bg7 $17 14. Be3 (14. Nc3 $17) 14... Nd5 $36 {[%mdl 2048] Black is really pushing.} (14... Nc4 $19 15. Bf2 Qa5) 15. Bf2 Qb6 16. Nc3 Bxd4 (16... Nxd4 17. Bb3 $15) 17. Nxd5 exd5 18. Bb3 e6 {[%cal Be7e6,Be6f5][%mdl 32]} 19. Qg4 Bxf2+ 20. Rxf2 Qd8 {[#]} (20... Kg7 $1 $19 {has better winning chances. aiming for ...Rhf8.} 21. Ng5 Qe3 22. Bxd5 Nd4) 21. f5 $1 {[%mdl 512]} exf5 22. Bxd5+ Kg7 $1 23. Qf4 Qf6 24. Rd1 Rad8 25. b4 (25. Qg3 $142) 25... a6 26. Ng5 Rhf8 27. h4 h6 28. Nf3 Rfe8 {[%cal Bf8e8,Be8e7,Be7e4][%mdl 32]} 29. Rfd2 Re7 30. Bb3 Be8 {Hoping for ...Re4.} 31. Rxd6 Rxd6 32. Rxd6 Qc3 33. h5 (33. Be6 $17 {is a better defense.}) 33... Re4 $19 ({Weaker is} 33... Nxb4 34. hxg6 Nc2 35. Bxc2 $11 (35. Qxf5 Ne3 $11)) (33... Qxb4 34. Qxb4 Nxb4 35. Nd4 $15) 34. Qg3 (34. Qd2 $142 Qxd2 35. Rxd2) 34... Ne5 {Strongly threatening ...Re1+!} ({And not} 34... Rg4 35. Rxg6+ $1 {[%mdl 512]} Bxg6 36. Qc7+ Kf8 37. Qc8+ Ke7 38. Qc7+ Kf6 39. Qd6+ Kg7 40. Qd7+ Kf8 41. Qc8+ (41. hxg6 Qe3+ 42. Kh2 Ne7 $19) 41... Ke7 42. Qc7+ Kf8 43. Qc8+ $11) 35. hxg6 $2 {[#]} (35. Qf2) 35... Nxf3+ $2 (35... Re1+ $1 {[%mdl 512]} 36. Kh2 (36. Nxe1 Qxg3) 36... Ng4+ 37. Qxg4 fxg4) 36. gxf3 $2 {[#]} (36. Qxf3 Qxb4 37. Qxf5 Re1+ 38. Kf2 Qh4+ 39. g3 Qh2+ 40. Kxe1 Qxg3+ 41. Ke2 Qxd6 42. Qe4) 36... Re2 $2 (36... Rg4 $1 {[%mdl 512] ( -> ...Qe1+)} 37. Qxg4 (37. fxg4 Qxg3+) 37... fxg4) 37. Re6 $2 (37. Rd1 $19 Qe3+ 38. Kh1) 37... Rxe6 (37... Qa1+ $142 38. Bd1 Qxd1+ 39. Qe1 Qxe1#) 38. Bxe6 Qe3+ 39. Kg2 Qxe6 40. Qc7+ Kxg6 41. Qxb7 Bc6 42. Qa7 Qe2+ {Precision: White = 35%, Black = 43%.} 0-1

[Event "Vasteras Open 2018"]
[Site "Vasteras"]
[Date "2018.09.28"]
[Round "3"]
[White "Solodovnichenko, Yuri"]
[Black "Henriksson, Johan"]
[Result "1-0"]
[WhiteElo "2554"]
[BlackElo "2259"]
[Annotator "TA"]
[PlyCount "61"]
[EventDate "2018.09.28"]
[EventCountry "SWE"]
[SourceTitle "playchess.com"]
[Source "ChessBase"]
[SourceQuality "1"]

{[%evp 12,61,6,-5,59,75,68,61,131,133,112,98,92,87,175,164,160,128,145,135,143,127,130,-28,0,0,384,337,331,262,267,146,141,136,227,215,206,217,342,54,47,49,236,59,54,44,878,870,996,1252,1691,1612]} 1. e4 c6 2. Nf3 d5 3. Nc3 Bg4 4. h3 Bxf3 5. Qxf3 e6 6. d4 Nf6 7. Bd3 Bb4 {B11: Caro-Kann: Two Knights Variation} ({Black should play} 7... dxe4 $11 8. Nxe4 Qxd4) (7... dxe4 8. Nxe4 Nbd7 9. c3 Nxe4 10. Qxe4 Nf6 11. Qf3 Qd5 12. Qxd5 exd5 13. O-O O-O-O 14. Re1 Re8 15. Bf4 Kd8 16. g4 h6 17. Kg2 Rxe1 18. Rxe1 Ne8 19. h4 {1-0 (61) Bacrot,E (2722)-Fontaine,R (2563) chess.com INT 2018}) 8. e5 $14 Nfd7 9. Qg3 Kf8 (9... g6 $14) 10. O-O $16 c5 11. a3 $146 ({Predecessor:} 11. f4 cxd4 12. Ne2 f5 13. exf6 gxf6 14. a3 Bc5 15. b4 Bb6 16. f5 e5 17. Bh6+ Ke7 18. Kh1 Qg8 19. Qh4 Nc6 20. c3 dxc3 {½-½ (20) Kudrin,S (2505)-Lein,A (2490) New York,NY 1983}) 11... Bxc3 12. bxc3 cxd4 (12... c4 $16 {was worth a try.}) 13. cxd4 $18 Nc6 14. Be3 h5 15. f4 {Black must now prevent f5.} g6 16. f5 gxf5 17. Bxf5 $2 (17. Rab1 $1 $16) 17... exf5 $11 18. Rxf5 Rg8 $2 {[%mdl 8192]} (18... Ne7 $11 {and Black is okay.} 19. Rff1 Qb6) 19. Bh6+ $18 Ke7 20. Qh4+ Ke8 21. Qxh5 ({White has to play} 21. Bg5 $1 $18 {[%cal Rg5d8]} Rxg5 22. Rxg5) 21... Qe7 $16 22. Raf1 $40 {[%cal Rf5f7][%mdl 128] White wants a kill.} Nd8 (22... Qe6 $16) 23. Bg5 $18 Rxg5 24. Rxg5 Nf8 (24... Rc8 $142 25. Rg8+ Nf8) 25. Rgf5 $2 (25. c4 $18 dxc4 26. e6 $1 {[%mdl 512]} Nfxe6 27. Re5) 25... Rc8 $14 26. Qf3 Qd7 $2 {[#]} (26... Rxc2 $14 27. Qxd5 Qd7 28. Qxd7+ Nxd7) 27. h4 $2 (27. e6 $1 $18 {[%cal Re6d7][%mdl 512]} Nfxe6 (27... Qxe6 28. Re5) 28. Rxd5) 27... Rxc2 28. h5 {[%cal Bh4h5,Bh5h6,Bh6h7][%mdl 32] Threatens to win with e6!} Nfe6 $2 {[%mdl 8192]} (28... Rc6 $14) 29. h6 $18 {White is clearly winning.} Nxd4 30. Qg4 {Qg8+ would kill now.} Nxf5 31. h7 {Precision: White = 45%, Black = 29%.} 1-0

[Event "Vasteras Open 2018"]
[Site "Vasteras"]
[Date "2018.09.28"]
[Round "3"]
[White "Miezis, Normunds"]
[Black "Larsson, Anders"]
[Result "1-0"]
[WhiteElo "2470"]
[BlackElo "2238"]
[Annotator "TA"]
[PlyCount "63"]
[EventDate "2018.09.28"]
[EventCountry "SWE"]
[SourceTitle "playchess.com"]
[Source "ChessBase"]
[SourceQuality "1"]

{[%evp 17,63,0,0,0,7,5,33,16,47,47,83,58,84,82,83,100,95,95,105,86,95,44,66,81,124,146,143,147,320,305,387,373,317,357,339,273,288,265,798,797,772,772,802,826,741,255,363,312]} 1. c4 e6 2. e4 c5 3. Nc3 Nc6 4. g3 a6 5. Bg2 Nf6 6. f4 {A36: Symmetrical English vs ...g6: 4 Bg2 Bg7} d6 7. d3 Be7 8. Nf3 O-O 9. O-O Rb8 {LiveBook: 3 Games} 10. a4 Bd7 (10... Na5 11. Bd2 Bd7 12. e5 Ne8 13. Qc2 Bc6 14. Ne4 h6 15. b3 {½-½ (41) Jones,G (2670)-Lalic,B (2483) Bunratty 2015}) 11. Kh1 $146 ({Predecessor:} 11. Be3 Ng4 12. Bd2 Nb4 {1-0 (40) Frank,J (2089)-Lesar,D (1916) Hungary 2015}) 11... Ne8 12. Be3 Nc7 13. d4 cxd4 14. Nxd4 Nxd4 15. Bxd4 b5 16. cxb5 axb5 17. a5 Na6 18. Bb6 Qe8 19. f5 ({White should play} 19. e5 $16) 19... Bc6 20. Bd4 $36 {[%mdl 2048] Keeping Black busy.} e5 21. Bb6 Nc5 22. Nd5 Bd8 $2 (22... Bxd5 $16 23. Qxd5 Ra8) 23. f6 $18 {[#] Threatens to win with Bxd8.} Bxf6 24. Nxf6+ gxf6 25. Rxf6 Nd7 26. Rh6 {White threatens Qg4+ and mate.} ({Not} 26. Qxd6 Nxf6 27. Qxf6 Qe6 $16) 26... f6 27. Bc7 {[%cal Bb6c7,Bc7d6,Bd6f8][%mdl 32]} ({Resist} 27. Qxd6 $6 Nxb6 28. axb6 Rd8 $16) 27... Nc5 $2 (27... Rc8) 28. Qg4+ Kh8 29. Bxd6 Nxe4 30. Qf5 {[%csl Gh6][%cal Rf5h7] [#]} Ng5 31. Qc2 $2 (31. Bxf8 Bxg2+ 32. Kxg2 Qc6+ 33. Kg1 Rxf8 34. h4) 31... Rc8 (31... Bxg2+ {was worth a try.} 32. Qxg2 Rd8 33. Bxf8 Qxf8) 32. Bxf8 {Precision: White = 75%, Black = 35%.} 1-0

[Event "Vasteras Open 2018"]
[Site "Vasteras"]
[Date "2018.09.28"]
[Round "3"]
[White "Johansson, Linus"]
[Black "Petersson, Baldur Teodor"]
[Result "1-0"]
[WhiteElo "2461"]
[BlackElo "2195"]
[Annotator "TA"]
[PlyCount "67"]
[EventDate "2018.09.28"]
[EventCountry "SWE"]
[SourceTitle "playchess.com"]
[Source "ChessBase"]
[SourceQuality "1"]

{[%evp 15,67,45,69,67,62,61,100,89,106,96,88,104,95,88,91,92,127,118,179,107,110,90,93,60,150,158,155,151,200,199,366,279,422,414,405,395,456,432,1068,1083,1084,1078,1016,1001,1397,1368,2980,2950,2912,2810,2751,2432,2570,2530]} 1. d4 Nf6 2. c4 g6 3. Nc3 Bg7 4. e4 d6 5. Bd3 O-O 6. Nge2 Na6 7. O-O c5 8. d5 Nc7 {LiveBook: 12 Games} 9. Bg5 {[%cal Bc1g5,Bg5f4,Bf4e3][%mdl 32] E70: King's Indian: Miscellaneous lines with 4 e4, including 5 Nge2 and 5 Bd3 0-0 6 Nge2} (9. f4 a6 10. a4 b6 11. Ng3 Rb8 12. Kh1 Bd7 13. e5 Nfe8 14. Qe2 e6 15. Bd2 b5 16. axb5 axb5 {0-1 (31) Romanov,E (2624)-Chadaev,N (2573) Olginka 2011}) 9... h6 10. Bf4 $146 ({Predecessor:} 10. Bh4 Bd7 11. h3 a6 12. a4 Rb8 13. f4 b5 14. e5 Nfe8 15. axb5 axb5 16. Ne4 bxc4 17. Bxc4 {½-½ (29) Bartos,T (2141)-Tomosvary,A (2214) Hungary 2007}) 10... Nh5 11. Be3 {White is better.} e5 12. dxe6 Bxe6 13. Qd2 Kh7 14. Rad1 Qe7 15. b3 Rfd8 16. h3 a6 {[#]} (16... Rg8 $16 17. Nf4 Nxf4 18. Bxf4 Rad8) 17. g4 (17. f4 $1 $18) 17... Nf6 $16 18. Ng3 b5 19. f4 {[%cal Bf2f4,Bf4g5,Bg5g6][%mdl 32]} Nxg4 (19... Bd7 $14) 20. hxg4 Bxg4 21. Rc1 ({Stronger than} 21. cxb5 Bxd1 22. Nxd1 (22. Rxd1 Bxc3 23. Qxc3 axb5 $11) 22... axb5 $15) 21... Qh4 22. Qh2 Bh3 $2 (22... Qxh2+ {was necessary.} 23. Kxh2 h5) 23. Rf2 ({Not} 23. cxb5 axb5 24. Rf2 (24. Nxb5 Nxb5 25. Bxb5 Rxa2 $14) 24... b4 $18) 23... g5 (23... Bf6 $142 24. cxb5 axb5 25. Nxb5 Nxb5) 24. fxg5 $18 Be5 25. Nce2 Ne6 26. Rxf7+ {White is clearly winning.} Kg6 {[#]} (26... Kg8 $142 27. g6 Rf8) 27. Rf6+ $1 Bxf6 28. e5+ Kf7 29. g6+ Kg7 30. exf6+ Kxf6 31. Qf2+ Ke5 32. Nc3 d5 33. Re1 {Bf4+ would kill now.} Kd6 34. Nf5+ {Precision: White = 87%, Black = 30%.} 1-0

[Event "Vasteras Open 2018"]
[Site "Vasteras"]
[Date "2018.09.28"]
[Round "3"]
[White "Lindberg, Bengt"]
[Black "Solberg, Joachim"]
[Result "1-0"]
[WhiteElo "2406"]
[BlackElo "2190"]
[Annotator "TA"]
[PlyCount "41"]
[EventDate "2018.09.28"]
[EventCountry "SWE"]
[SourceTitle "playchess.com"]
[Source "ChessBase"]
[SourceQuality "1"]

{[%evp 9,41,33,37,34,97,-8,-7,-6,0,0,189,187,185,183,202,170,163,141,413,394,729,672,937,932,29989,29990,29993,29994,29996,29990,29990,29989,29992,29992]} 1. e4 c5 2. Nf3 e6 3. d4 cxd4 4. Nxd4 Bc5 5. Be3 Nf6 (5... Qb6 6. Nb5 Bxe3 7. fxe3 d5 8. Qd4 Qxd4 9. exd4 Kd7 10. Nd2 Nc6 11. O-O-O Nf6 12. exd5 exd5 13. Bd3 {0-1 (58) Huschenbeth,N (2588)-Bersamina,P (2417) Bangkok 2017}) 6. Nc3 {aiming for Nxe6! B40: Sicilian: 2...e6, Unusual lines} Qb6 ({Better is} 6... Bb4 $14) 7. Ndb5 (7. Qd2 $16 Nc6 8. Na4) 7... Bxe3 $11 8. fxe3 {The position is equal.} Qxe3+ 9. Be2 {Threatens to win with Nc7+.} Na6 $2 {[#]} (9... O-O $11 {and Black has nothing to worry.}) 10. Nd6+ $1 $18 {[%mdl 1024] White has strong compensation.} Kf8 $146 {[#]} ({Predecessor:} 10... Ke7 11. Nc4 Qc5 12. e5 Ne8 13. a4 {½-½ (21) Pfretzschner,R (2252)-Wachinger,G (2232) Germany 2013}) 11. Rf1 $1 h5 12. Nc4 $36 {[%mdl 2048] White is in control.} Qg5 13. e5 Ng4 $2 {[%mdl 8192]} (13... Ne8 $16) 14. Ne4 Qh4+ $2 (14... Qe7 15. Bxg4 Qb4+ 16. c3 Qxc4) 15. g3 Qxh2 {Now ...d5 and Black clings on.} 16. Qd6+ Kg8 17. Qe7 {White mates.} Nh6 18. Ncd6 Nb4 19. Rxf7 {[%csl Ge7][%cal Rf7g7]} Qg1+ 20. Kd2 {[%csl Ge7][%cal Rf7g7]} Qd4+ 21. Bd3 {Precision: White = 68%, Black = 16%.} 1-0

[Event "Vasteras Open 2018"]
[Site "Vasteras"]
[Date "2018.09.28"]
[Round "3"]
[White "Krupenski, Juri"]
[Black "Rahul Kumar, Pune"]
[Result "0-1"]
[WhiteElo "2402"]
[BlackElo "2190"]
[Annotator "TA"]
[PlyCount "114"]
[EventDate "2018.09.28"]
[EventCountry "SWE"]
[SourceTitle "playchess.com"]
[Source "ChessBase"]
[SourceQuality "1"]

{[%evp 16,114,31,40,54,49,80,73,76,74,80,84,80,81,77,60,64,46,47,49,48,46,53,43,43,29,37,29,37,25,33,33,47,41,60,60,59,60,83,50,61,51,87,87,87,87,87,83,85,77,89,51,80,49,64,7,62,62,54,38,48,44,242,242,236,237,227,208,196,42,46,8,13,-706,-697,-720,-677,-677,-617,-29977,-29977,-29978,-29979,-29979,-29980,-29980,-29981,-29982,-29983,-29983,-29984,-29984,-29984,-29985,-29986,-29986,-29985,-29982,-29983,-29989,-29990]} 1. d4 g6 2. g3 Bg7 3. Bg2 d6 4. Nf3 Nf6 5. O-O O-O 6. c4 Nc6 7. Nc3 e5 8. dxe5 dxe5 9. Bg5 {LiveBook: 147 Games} h6 {E62: King's Indian: Fianchetto: 6...c6 and Panno Variation (6...Nc6) without ...a6} (9... Be6 10. Qc1 Qb8 11. Rd1 Nd7 12. Bh6 f6 13. Bxg7 Kxg7 14. b3 Rf7 15. Qb2 Qf8 16. Rd2 Rd8 17. Rad1 Nb6 18. Rxd8 Nxd8 {½-½ (35) Vidit,S (2721)-Naiditsch,A (2700) Hungary 2017}) 10. Qxd8 Nxd8 11. Bxf6 Bxf6 {White is better.} 12. Nd5 Bg7 13. Nxc7 Rb8 14. e4 Bg4 $146 ({Predecessor:} 14... Ne6 15. Nd5 Re8 16. Nd2 Kh7 17. b4 {1-0 (34) Tagirov,K (1895)-Ivanov,V (1880) Ufa 2010}) 15. Nd2 Nc6 16. h3 Rfd8 17. Nd5 Be6 18. Nb3 Bf8 19. Rfd1 a5 20. a4 b6 21. Bf1 Rdc8 22. Rac1 Kg7 23. Kg2 $36 {[%mdl 2048] White fights for an advantage.} Bc5 24. Be2 Nd4 25. Nxd4 Bxd4 26. b3 f5 27. Bf3 Rf8 {Hoping for ...fxe4.} 28. Nc7 Bg8 {and if ...fxe4 works, Black does fine.} 29. Nb5 Bc5 30. exf5 Rxf5 31. Nd6 Rff8 32. Ne4 Bd4 33. Bg4 h5 34. Be2 Be6 35. f3 ({Better is} 35. Rc2 $14) 35... Bf5 ({Black should play} 35... h4 $11) 36. Bd3 $14 Rbd8 37. Rc2 Rf7 38. Ng5 {Bxf5 is the strong threat.} Re7 $2 (38... Bc5 $1 $14 39. Nxf7 Kxf7) 39. Bxf5 $1 $18 gxf5 {[#]} 40. f4 $1 {[%cal Rf4e5]} Kf6 41. Nf3 e4 42. Ne5 $2 ({White has to play} 42. Nxd4 $18 Red7 43. Rcd2) 42... Re6 $1 $14 43. Rcd2 (43. c5 $5 bxc5 {[#]} 44. Rxc5 $1 $14 {[%mdl 512]}) 43... Red6 44. Kf1 $2 {[%mdl 8192]} (44. Nc6 $11 Rxc6 45. Rxd4 Rxd4 46. Rxd4) 44... Bxe5 $19 45. fxe5+ Kxe5 46. Rxd6 Rxd6 47. Rxd6 Kxd6 {[%mdl 4096] Endgame KP-KP. Black mates.} 48. Ke2 Kc5 49. Kd2 Kb4 50. Kc2 e3 51. Kd3 Kxb3 52. Kxe3 Kxa4 53. Kf4 Kb4 54. Kxf5 a4 55. g4 a3 56. g5 a2 57. g6 a1=Q {Precision: White = 38%, Black = 52%.} 0-1

[Event "Vasteras Open 2018"]
[Site "Vasteras"]
[Date "2018.09.28"]
[Round "3"]
[White "Seo, Jung Min"]
[Black "Tiger-Norqvist, Axel"]
[Result "1-0"]
[WhiteElo "2360"]
[BlackElo "2175"]
[Annotator "TA"]
[PlyCount "179"]
[EventDate "2018.09.28"]
[EventCountry "SWE"]
[SourceTitle "playchess.com"]
[Source "ChessBase"]
[SourceQuality "1"]

{[%evp 19,179,0,0,0,8,20,13,0,13,0,19,0,16,22,35,6,42,23,33,0,43,55,83,85,100,95,76,69,79,73,99,99,97,91,95,95,99,93,97,103,133,113,130,109,127,62,112,61,154,101,104,101,109,100,285,118,157,102,128,118,179,90,103,106,137,139,122,120,177,156,183,61,724,83,126,108,157,120,125,133,123,98,108,98,83,5,13,12,51,41,78,0,64,66,105,59,55,21,30,26,87,12,73,59,111,110,126,101,95,90,97,89,145,78,95,0,293,340,138,0,0,0,0,0,0,0,0,0,0,0,0,0,4900,5281,2631,3984,5073,5407,5061,4439,4610,4602,12838,4627,4627,4627,5089,2586,29982,29983,29983,29984,29985,29986,29987,29988,29988,29989,29989,29990,29990,29991]} 1. Nf3 Nf6 2. g3 g6 3. Bg2 Bg7 4. O-O O-O 5. d4 d6 6. c4 Nc6 7. Nc3 a6 8. d5 Na5 9. Nd2 c5 10. dxc6 {E66: Königsindisch (Jugoslawische Variante)} Nxc6 {LiveBook: 8 Partien} 11. b3 (11. Nde4 Nxe4 12. Bxe4 Ne5 13. Qb3 Be6 14. Bd5 Bh3 15. Rd1 Rb8 16. Bg5 h6 17. Be3 Nc6 {1-0 (90) Hammer,J (2631)-Hansen,E (2629) chess.com INT 2018}) 11... Rb8 12. Bb2 {Die Stellung ist ausgeglichen.} Bf5 $146 ({Vorgänger:} 12... Bd7 13. Qc1 Ne5 14. Nd5 Nxd5 15. cxd5 Bb5 16. Re1 Qb6 17. Nf3 Ng4 {½-½ (81) Koval,D-Ralis,P (2325) Bratislava 1989}) 13. Rc1 Qd7 14. Re1 Bh3 15. Bh1 Ne5 16. Nf3 Nxf3+ 17. Bxf3 Ng4 18. Qc2 Ne5 19. Bh1 b6 20. Nd5 Bf5 21. Qd2 Nc6 22. Bxg7 Kxg7 23. Red1 Be6 24. Qe3 Bxd5 25. cxd5 Ne5 26. Qd4 {[#] Droht stark f4.} Kg8 27. f4 Ng4 28. Bf3 Nf6 29. Rc6 Qa7 30. Rdc1 Rb7 31. Kg2 Nd7 32. b4 (32. Qe3 $16) 32... a5 33. a3 (33. b5 $16) 33... Rbb8 (33... b5 $14 34. Qc3 axb4 35. axb4 Ra8) 34. Rc7 (34. g4 $142) 34... Rb7 $16 35. Rc8 axb4 36. axb4 Rb8 $2 (36... b5 $16 37. Qxa7 Rxa7) 37. R8c2 (37. R1c7 $18 {ist der präzise Gewinnweg.} Qa4 38. Rxb8 Rxb8 39. Qc3) 37... Qa4 38. Qb2 (38. Rc7 $142) 38... Qb5 39. e4 {zielt auf Le2 ab.} Nf6 (39... Ra8 $16 {ist eine bessere Verteidigung.} 40. Rc7 Qa4) 40. Be2 (40. Rc7 $18 Qe8 41. e5 dxe5 42. fxe5) 40... Qe8 41. Qd4 Qa4 42. Rc7 Qa2 43. R1c2 Qa4 (43... Qb1 $16 44. e5 dxe5 45. fxe5 Ne8) 44. Bd3 Rfe8 45. Rc1 (45. e5 $18 Nd7 46. exd6) 45... Qa3 $2 {[%mdl 8192]} (45... Ra8 $14) 46. R7c3 $2 (46. Ra1 $18 {und der Rest ist Schweigen.} Qb3 47. Bc2) 46... Qa2+ 47. R1c2 Qa7 48. Bb5 {Und e5 würde nun gewinnen.} Rf8 49. Rc7 Rb7 50. Rc8 Rb8 51. R8c3 Qa1 52. Be2 (52. Bc6 $16) 52... Rbc8 $11 53. Bf3 Rxc3 54. Qxc3 Qa4 55. Rc1 ({Lieber} 55. e5 $16 Nh5 56. Qb2) 55... Qd7 (55... Qa2+ $11 56. Rc2 Qa7) 56. Qc6 $14 Qd8 57. Qb7 Qa8 58. Qxb6 {Droht Da5 und aus.} Qa2+ 59. Qf2 Qa3 (59... Qb3 $11 {bleibt in der Remisbreite.}) 60. Rb1 (60. Qd2 $16) 60... Rb8 (60... Qd3 $11 61. Rd1 Qb3) 61. Qd2 $36 {[%mdl 2048] Weiss steht aktiver.} Qa7 ({Besser ist} 61... Nd7 $14) 62. e5 Ne8 63. h4 Qc7 64. e6 fxe6 65. dxe6 Ng7 (65... Qc4 $142) 66. Bd5 ({Günstiger ist} 66. Qd3) 66... Nf5 67. g4 (67. Kh3 $16) 67... Nxh4+ $2 {[%mdl 8192]} (67... Ne3+ $1 $11 {und Schwarz steht sicher.} 68. Kg3 Nxd5 69. Qxd5 Qc2) 68. Kg3 $18 g5 69. fxg5 (69. f5 $16 h6 70. Qd3) 69... Ng6 $11 70. Rf1 Qb6 71. Rb1 Rf8 72. Be4 Qb5 73. Bxg6 {Schwarz muss nun Lf7+ beachten.} Qe5+ 74. Kg2 hxg6 {[%mdl 4096] Endspiel KDT-KDT} 75. Re1 $1 {[%cal Re1e5]} Qf4 $2 {[%mdl 8192]} (75... Qb5 $11) 76. Qxf4 $18 Rxf4 {[#] KT-KT} 77. Rb1 $1 Rxg4+ 78. Kf3 Rxg5 79. b5 {[%cal Bb4b5,Bb5b6,Bb6b7][%mdl 32]} Rc5 80. b6 Rc8 81. b7 Rb8 82. Ke4 Kg7 83. Kd5 Kf6 84. Rf1+ {Weiß setzt Matt.} Kg5 85. Kc6 d5 86. Kc7 Rxb7+ 87. Kxb7 d4 88. Kc6 d3 89. Kd7 d2 90. Kxe7 {Precision: Weiß = 43%, Schwarz = 28%.} 1-0

[Event "Vasteras Open 2018"]
[Site "Vasteras"]
[Date "2018.09.28"]
[Round "3"]
[White "Ernst, Thomas"]
[Black "Emmoth, Alfons"]
[Result "1-0"]
[WhiteElo "2333"]
[BlackElo "2166"]
[Annotator "TA"]
[PlyCount "97"]
[EventDate "2018.09.28"]
[EventCountry "SWE"]
[SourceTitle "playchess.com"]
[Source "ChessBase"]
[SourceQuality "1"]

{[%evp 21,97,64,79,75,104,93,102,56,73,29,38,41,112,113,102,96,83,54,60,60,60,60,66,46,54,27,41,29,52,18,20,13,34,-30,36,28,83,84,129,93,76,9,11,13,16,4,21,9,25,0,0,-10,0,0,-4,-31,-30,-30,-25,-23,-18,-42,42,50,62,72,765,744,731,706,1181,1164,1114,1112,977,845,12843,814]} 1. e4 e6 2. d4 d5 3. Nc3 Nf6 4. Bg5 Bb4 5. e5 h6 6. Be3 Ne4 7. Qg4 g6 8. a3 Bxc3+ 9. bxc3 c5 10. Bd3 {C12: French: Classical System: McCutcheon Variation} Nxc3 11. dxc5 Qa5 {[#] LiveBook: 3 Games} (11... Nc6 12. Nf3 Qa5 13. O-O Qa4 14. Qxa4 Nxa4 15. Bb5 Nc3 16. a4 Bd7 17. Ra3 Ne4 {½-½ (74) Ponkratov,P (2605)-Nguyen,N (2625) Khanty-Mansiysk 2013}) 12. Qb4 $1 {[%cal Rb4a5] White is better.} Qxb4 13. axb4 Bd7 14. Bd4 {[%cal Be3d4,Bd4b2,Bb2a3][%mdl 32]} Nb5 $1 {[%cal Rb5d4]} 15. Bb2 $146 ({Predecessor:} 15. Ne2 Na6 16. c3 Nac7 17. Kd2 Bc6 {1-0 (59) Zawadzki,S (2397)-Varga,D (2139) Olomouc 2006}) 15... Na6 16. Ra5 Nbc7 (16... Nac7 $1 $14) 17. c6 $1 $16 {[%cal Rc6d7]} Bc8 18. cxb7 Bxb7 19. Ba3 Nb8 20. Nf3 Nc6 21. Rc5 {[#] aiming for b5.} a6 22. Kd2 Kd7 23. Rb1 g5 24. h3 Rhg8 25. g4 Rgc8 26. c3 Rf8 27. Ke3 (27. Ra1 $14) 27... Rg8 ({Black should play} 27... f6 $11) 28. Bc1 Na7 (28... Rgf8 $11) 29. Nd4 Nc6 30. Nxc6 Bxc6 31. c4 (31. Ke2 $16) 31... dxc4 $11 32. Bxc4 Bd5 33. Bf1 Rgb8 34. Bd2 Bc6 35. Kd3 Bb5+ 36. Kc2 Bxf1 37. Rxf1 {next f4 is good for White.} Nd5 38. f4 gxf4 39. Bxf4 Nxb4+ 40. Kd2 Nd5 41. Bxh6 Rb2+ (41... Ke8 $15) 42. Kc1 $14 Rab8 {Threatens to win with ...Rb1+.} 43. Rxf7+ Ne7 $2 {[%mdl 8192]} (43... Ke8 $16 44. Rf8+ Kd7) 44. Bg5 $18 {White is clearly winning.} Rb1+ 45. Kd2 R1b2+ 46. Rc2 Rxc2+ 47. Kxc2 Rc8+ 48. Kb3 Re8 49. Ka4 {Precision: White = 44%, Black = 42%.} (49. Rxe7+ $142 Rxe7 50. Bxe7 Kxe7 51. Kb4) 1-0